000 00818nam a22002897a 4500
001 0007134
003 KOHA_MİRAKIL
005 20260207001546.0
007 ta
008 090914b2002 tu |||gr||||#||||0|tur |
020 _a 9758561138
040 _aTR-BiSEU
_btur
_cTR-BiSEU
_erda
041 0 _atur
044 _ctu
050 _aHD58.8
_b.Y35 2002
100 1 _aYalçın, Azmi.
245 1 _aDeğişim yönetimi/
_cAzmi Yalçın ; Azmi Yalçın.
264 1 _aİstanbul :
_bNobel Kitabevi
_c2002
300 _a129 sayfa; 21 cm.
336 _ametin
_btxt
_2rdacontent
337 _aaracısız
_bn
_2rdamedia
338 _acilt
_bnc
_2rdacarrier
500 _aKaynakça var.
650 0 _aÖrgütsel değişim--Yönetim.
_917622
650 0 _aOrganizational change--Management.
_99487
942 _2lcc
_cBK
999 _c7115
_d7115